Guess the Song #5 - Statistics

General Stats
  • This quiz has been taken 187 times
  • The average score is 62 of 161
Answer Stats
Answer % Correct
I
99%
a
98%
you
91%
the
90%
The
90%
me
75%
to
72%
be
71%
And
67%
in
67%
on
64%
so
57%
are
55%
of
53%
when
53%
they
52%
They
52%
there
43%
I'm
41%
this
39%
all
38%
But
38%
could
38%
at
35%
with
33%
their
27%
night
26%
way
25%
down
23%
get
23%
wish
23%
out
22%
has
20%
feel
19%
been
18%
by
18%
make
18%
girls
16%
kiss
15%
those
15%
Well
15%
talk
14%
California
12%
world
12%
really
10%
back
9%
Back
9%
Coast
9%
couldn't
9%
keep
9%
West
8%
around
7%
dig
7%
East
7%
great
7%
seen
7%
Southern
7%
wear
7%
alright
6%
daughters
6%
farmer's
6%
knock
6%
hip
5%
Northern
5%
styles
5%
warm
5%
big
4%
bikini
4%
boyfriends
4%
French
4%
Midwest
4%
tanned
4%
wait
4%
kinds
3%
sand
3%
sunshine
3%
palm
2%
tree
2%
cutest
1%
Dolls
1%
Hawaii
1%
island
1%
States
1%
No matching quizzes found
Score Distribution
Percent of People with Each Score
Percentile by Number Answered
Your Score History
You have not taken this quiz